• 首页
  • 本馆介绍
  • 公告通知
  • 最新文献
  • 馆藏检索
  • 电子资源
  • 读者导购
  • 参考咨询
  • 我的图书馆
  • 登录
  • 详细信息显示
  • 放入我的书架
  • 预约/预借图书
  • 作者相关作品
  • 分类相关作品
  • 丛书相关作品
  • 出版社相关作品

书目信息

  • 表格格式
  • 工作单格式
  • 卡片格式
题名:
残疾儿童权利与保障
    
 
作者: 丁勇 , 陈韶峰 主编
分册:  
出版信息: 南京   南京师范大学出版社  2014.08
页数: 192页
开本: 24cm
丛书名: 特殊儿童教育与康复文库
单 册:
中图分类: D922.74
科图分类:
主题词: 残疾人--can ji ren--未成年人保护法--研究--中国
电子资源:
ISBN: 978-7-5651-1840-1
000 01113nam 2200277 450
001 0109110106
005 20201109110334.0
010    @a978-7-5651-1840-1@b精装@dCNY45.00
100    @a20160128d2014 em y0chiy50 ea
101 0  @achi
102    @aCN@b320000
105    @ay z 000yy
106    @ar
200 1  @a残疾儿童权利与保障@Acan ji er tong quan li yu bao zhang@f丁勇, 陈韶峰主编
210    @a南京@c南京师范大学出版社@d2014.08
215    @a192页@d24cm
225 2  @a特殊儿童教育与康复文库@Ate shu er tong jiao yu yu kang fu wen ku@v1@f丁勇总主编
300    @a国家出版基金项目国家“十二五”重点图书出版规划项目
330    @a本书共六章,围绕残疾儿童权利与保障这个中心议题,重点对残疾儿童生存与发展过程中迫切需要解决的人身权、康复权、财产权、受教育权和社会参与权及其保障问题展开系统研究和分析。
461  0 @12001 @a特殊儿童教育与康复文库
606 0  @a残疾人@Acan ji ren@x未成年人保护法@x研究@y中国
690    @aD922.74@v5
701  0 @a丁勇@Ading yong@c(特殊教育)@4主编
701  0 @a陈韶峰@Achen shao feng@f(1968~)@4主编
801  0 @aCN@bBJSZM@c20201103
905    @b1266626-30@dD922.74@e2150@f5
    
    残疾儿童权利与保障/丁勇, 陈韶峰主编.-南京:南京师范大学出版社,2014.08
    192页;24cm.-(特殊儿童教育与康复文库;1/丁勇总主编)
    国家出版基金项目国家“十二五”重点图书出版规划项目
    
    ISBN 978-7-5651-1840-1(精装):CNY45.00
    本书共六章,围绕残疾儿童权利与保障这个中心议题,重点对残疾儿童生存与发展过程中迫切需要解决的人身权、康复权、财产权、受教育权和社会参与权及其保障问题展开系统研究和分析。
●
相关链接 在E读中查询图书 在五车中查询图书 在当当中查询图书 在豆瓣中查询图书


正题名:残疾儿童权利与保障     索取号:D922.74/2150         预约/预借

序号 登录号 条形码 馆藏地/架位号 状态 备注
1 1266626   212666266   第一样本阅览室/ [索取号:D922.74/2150] 在馆    
2 1266627   212666275   教育系资料室/ [索取号:D922.74/2150] 在馆    
3 1266628   212666284   教育系资料室/ [索取号:D922.74/2150] 在馆    
4 1266629   212666293   第一借阅区/ [索取号:D922.74/2150] 在馆    
5 1266630   212666300   第一借阅区/ [索取号:D922.74/2150] 在馆    
唐山师范学院图书馆 欢迎您!
大连网信软件有限公司© 版权所有